Statistics for Every City in Arizona on a Map

Click here to take the quiz!

General Stats

  • This quiz has been taken 381 times
  • The average score is 19 of 91

Answers on the Map

Answers color-coded by a green-red scale on the quiz's map according to % correct below.
Loading ...
 

Answer Stats

CityPopulation% Correct
Phoenix1,445,632
99%
Tucson520,116
89%
Mesa439,041
77%
Flagstaff65,870
75%
Scottsdale217,385
62%
Yuma93,064
62%
Tempe161,719
57%
Glendale226,721
53%
Chandler236,123
46%
Gilbert208,453
42%
Lake Havasu City52,527
41%
Prescott39,843
39%
Surprise117,517
37%
Peoria154,065
35%
Sedona10,031
34%
Goodyear65,275
32%
Kingman28,068
30%
Nogales20,837
30%
Maricopa43,482
28%
Sierra Vista43,888
25%
Avondale76,238
25%
Winslow9,655
24%
Bullhead City39,540
23%
Prescott Valley38,822
23%
Apache Junction35,840
23%
Page7,247
22%
Tombstone1,380
22%
Casa Grande48,571
21%
Buckeye50,876
20%
Show Low10,660
19%
Bisbee5,575
19%
Oro Valley41,011
19%
Globe7,532
18%
Douglas17,378
18%
Payson15,301
18%
Queen Creek26,361
17%
Williams3,023
17%
Tolleson6,545
15%
Marana34,961
15%
Wickenburg6,363
15%
Fountain Hills22,489
15%
Paradise Valley12,820
15%
Pima2,387
15%
Gila Bend1,922
15%
Litchfield Park5,476
14%
Guadalupe5,523
14%
Holbrook5,053
14%
Florence25,536
14%
Colorado City4,821
14%
Cave Creek5,015
13%
Safford9,566
13%
South Tucson5,652
13%
Cottonwood11,265
13%
Jerome444
12%
San Luis25,505
12%
Eloy16,631
12%
Snowflake5,590
12%
Parker3,083
12%
Benson5,105
12%
Camp Verde10,873
12%
Coolidge11,825
11%
El Mirage31,797
11%
Chino Valley10,817
11%
Willcox3,757
11%
Quartzsite3,677
11%
St. Johns3,480
11%
Carefree3,363
11%
Youngtown6,156
10%
Springerville1,961
10%
Sahuarita25,259
9%
Superior2,837
9%
Pinetop-Lakeside4,282
9%
Miami1,837
8%
Thatcher4,865
8%
Tusayan558
8%
Fredonia1,314
8%
Taylor4,112
8%
Somerton14,287
8%
Duncan696
7%
Clifton3,311
7%
Huachuca City1,853
7%
Star Valley1,970
7%
Wellton2,882
7%
Dewey-Humboldt3,894
6%
Mammoth1,426
6%
Kearny1,950
6%
Patagonia913
6%
Clarkdale4,097
6%
Hayden662
6%
Eagar4,885
6%
Winkelman353
6%

Score Distribution

Percentile by Number Answered

Percent of People with Each Score

Your Score History

You have not taken this quiz